The Borrowers avenged / (Record no. 289)

MARC details
000 -LEADER
fixed length control field 01183cam a2200325 a 4500
005 - DATE AND TIME OF LATEST TRANSACTION
control field 20260322212014.0
008 - FIXED-LENGTH DATA ELEMENTS--GENERAL INFORMATION
fixed length control field data
010 ## - LIBRARY OF CONGRESS CONTROL NUMBER
LC control number 2003267998
020 ## - INTERNATIONAL STANDARD BOOK NUMBER
International Standard Book Number 9780152047313 (pbk.)
020 ## - INTERNATIONAL STANDARD BOOK NUMBER
International Standard Book Number 015204731X (pbk.)
040 ## - CATALOGING SOURCE
Original cataloging agency DLC
Transcribing agency DLC
Modifying agency DLC
042 ## - AUTHENTICATION CODE
Authentication code pcc
-- pcc
050 00 - LIBRARY OF CONGRESS CALL NUMBER
Classification number PZ7.N8248
Item number Bm 1998
082 04 - DEWEY DECIMAL CLASSIFICATION NUMBER
Classification number [Fic]
Edition information 22
099 ## - LOCAL FREE-TEXT CALL NUMBER (OCLC)
Classification number NORTOM
001 - CONTROL NUMBER
control field data
100 1# - MAIN ENTRY--PERSONAL NAME
Personal name Norton, Mary.
245 14 - TITLE STATEMENT
Title The Borrowers avenged /
Statement of responsibility, etc. Mary Norton, Beth Krush & Joe Krush.
250 ## - EDITION STATEMENT
Edition statement 1st Harcourt Young Classics ed.
260 ## - PUBLICATION, DISTRIBUTION, ETC.
Place of publication, distribution, etc. Boston :
Name of publisher, distributor, etc. Sandpiper/ Houghton Mifflin Harcourt,
Date of publication, distribution, etc. [1998].
300 ## - PHYSICAL DESCRIPTION
Extent 298 p. :
Other physical details ill. ;
Dimensions 20 cm.
500 ## - GENERAL NOTE
General note Sequel to: The Borrowers aloft.
500 ## - GENERAL NOTE
General note "An Odyssey/Harcourt Young Classic."
520 ## - SUMMARY, ETC.
Summary, etc. Escaping from an attic where they had been held captive over the long, dark winter, a family of tiny people sets up house in an old rectory.
650 #1 - SUBJECT ADDED ENTRY--TOPICAL TERM
Topical term or geographic name entry element Fantasy.
700 1# - ADDED ENTRY--PERSONAL NAME
Personal name Krush, Beth,
Relator term ill.
700 1# - ADDED ENTRY--PERSONAL NAME
Personal name Krush, Joe,
Relator term ill.
856 42 - ELECTRONIC LOCATION AND ACCESS
Materials specified Contributor biographical information
Uniform Resource Identifier <a href="http://www.loc.gov/catdir/bios/har051/2003267998.html">http://www.loc.gov/catdir/bios/har051/2003267998.html</a>
856 42 - ELECTRONIC LOCATION AND ACCESS
Materials specified Publisher description
Uniform Resource Identifier <a href="http://www.loc.gov/catdir/description/har031/2003267998.html">http://www.loc.gov/catdir/description/har031/2003267998.html</a>
Holdings
Withdrawn status Lost status Damaged status Not for loan Home library Current library Shelving location Date acquired Total checkouts Full call number Barcode Date last seen Price effective from Koha item type
        Fairview Fairview General stacks 22/03/2026   [Fic] 22 BC0010298 22/03/2026 22/03/2026 Books